The fresh-water fishes of siam, or Thailand

The main purpose of this work is to make known, by means of a comprehensive and not too technical account, the nature, exent, and richness of the fish fauna imhabiting the fersh waters of the acinent Kingdom of Siam.

שמור ב:
מידע ביבליוגרפי
מחבר ראשי: Smith, Hugh McCormick
פורמט: ספר
שפה:Undetermined
יצא לאור: Washington U. S. Govt. print. off 1945
נושאים:
תגים: הוספת תג
אין תגיות, היה/י הראשונ/ה לתייג את הרשומה!
Thư viện lưu trữ: Trung tâm Học liệu Trường Đại học Cần Thơ
LEADER 00857nam a2200217Ia 4500
001 CTU_143904
008 210402s9999 xx 000 0 und d
082 |a 639.31 
082 |b S642 
100 |a Smith, Hugh McCormick 
245 4 |a The fresh-water fishes of siam, or Thailand 
245 0 |c by Hugh M. Smith 
260 |a Washington 
260 |b U. S. Govt. print. off 
260 |c 1945 
520 |a The main purpose of this work is to make known, by means of a comprehensive and not too technical account, the nature, exent, and richness of the fish fauna imhabiting the fersh waters of the acinent Kingdom of Siam. 
650 |a Fishes,Freshwater animals,Động vật nước ngọt,Nuôi cá 
650 |x Thái Lan 
650 |z Thailand,Thailand 
904 |i Tuyến 
980 |a Trung tâm Học liệu Trường Đại học Cần Thơ